Bharatar baideshik niti (Record no. 9810)

MARC details
000 -LEADER
fixed length control field 00569cam a2200217ua 4500
008 - FIXED-LENGTH DATA ELEMENTS--GENERAL INFORMATION
fixed length control field 190409n ii |||gr||||Z||||||asm
020 ## - INTERNATIONAL STANDARD BOOK NUMBER
International Standard Book Number 9789381784532
040 ## - CATALOGING SOURCE
Transcribing agency MAIN
041 ## - LANGUAGE CODE
-- asm
082 ## - DEWEY DECIMAL CLASSIFICATION NUMBER
Classification number 327.54
100 ## - MAIN ENTRY--PERSONAL NAME
Personal name Nabin Gohain,
Relator term
245 ## - TITLE STATEMENT
Title Bharatar baideshik niti
Statement of responsibility, etc. By Nabin Gohain and Momi Dutta Kotoky
250 ## - EDITION STATEMENT
Edition statement 1st ed.
260 ## - PUBLICATION, DISTRIBUTION, ETC.
Place of publication, distribution, etc. Jorhat:
Name of publisher, distributor, etc. Bidya bhawan,
Date of publication, distribution, etc. 2013.
300 ## - PHYSICAL DESCRIPTION
Extent 410p.
700 ## - ADDED ENTRY--PERSONAL NAME
Personal name Momi Dutta Kotoky,
Relator term
942 ## - ADDED ENTRY ELEMENTS (KOHA)
Koha item type Books
653 ## - INDEX TERM--UNCONTROLLED
Uncontrolled term International relations
653 ## - INDEX TERM--UNCONTROLLED
Uncontrolled term Foreign policy of India
Holdings
Withdrawn status Lost status Damaged status Not for loan Home library Current library Shelving location Date acquired Total Checkouts Full call number Barcode Date last seen Date last checked out Copy number Price effective from Koha item type
        Central Library, Naharkatiya College Central Library, Naharkatiya College General Stacks 19/09/2020 16 327.54Foreign policy of India | GOH 25398 11/04/2025 06/01/2025 1 19/09/2020 Books

Naharkatiya College © 2020. All rights reserved.

Powered By